000 00437nam a2200157Ia 4500
008 230917s9999||||xx |||||||||||||| ||und||
020 _cRS20
040 _e13697
_aMAIN
041 _aEnglish
082 _a515.64 G519L
100 _aGlowinski, R
245 0 _aLectures on numerical methods for non-linear varitional problems
260 _aBombay
_bTata institute of fundamental research
_c1980
300 _avii,240 p.
942 _cBK
999 _c214865
_d214865